000 00596nam a22002177a 4500
003 EC-GqESP
005 20250917110738.0
008 250917b |||||||| |||| 00| 0 eng d
020 _a978-84-1366-09-5
041 _aspa
082 _a621.8
_pSAN
100 _aSancho Ródenas, Jordi
245 _aMontaje y mantenimiento mecánico
_c Jordi Sancho Ródenas
250 _aPrimera edición
260 _aMadrid
_bParaninfo
_c2023
300 _a186 páginas
_bilustraciones
_c27 cm.
650 _aMecánica
650 _aMantenimiento - mecánica
902 _aLibro
_cImpreso
942 _c01
999 _c238141
_d238141